Fun Riddles - Statistics

General Stats
  • This quiz has been taken 81 times
  • The average score is 8 of 20
Answer Stats
Hint Answer % Correct
What month of the year has 28 days? All of them
80%
I’m full of keys but can’t open a single door. What am I? Piano
69%
I’m tall when I’m young, and short when I’m old. What am I? Candle
67%
What is full of holes but still holds water? Sponge
59%
I have legs but don’t walk. What am I? Table
59%
What gets wetter the more it dries? Towel
59%
What building has the most stories? Library
53%
What has a head, a tail, but no body? Coin
51%
What has to be broken before you can use it? Egg
51%
What goes up but never comes down? Age
50%
What is always in front of you but can’t be seen? Future
43%
What has many teeth, but can’t bite? Comb
33%
I’m not alive, but I can grow. I don’t have lungs, but I need air. What am I? Fire
31%
What can you break, even if you never pick it up or touch it? Promise
31%
I go up and down but never move. What am I? Stairs
26%
I fly without wings and cry without eyes. What am I? Cloud
19%
I have branches, but no fruit, trunk, or leaves. What am I? Bank
14%
I have an eye but cannot see. What am I? Hurricane
14%
The more of me you take, the more you leave behind. What am I? Footsteps
13%
I have a neck but no head, two arms but no hands. What am I? Shirt
10%
No matching quizzes found
Score Distribution
Percent of People with Each Score
Percentile by Number Answered
Your Score History
You have not taken this quiz